| 000 | 00507nmm a2200169Ia 4500 | ||
|---|---|---|---|
| 008 | 251105s9999||||xx |||||||||||||||||und|| | ||
| 020 | _a8474855837 | ||
| 041 | _aspa | ||
| 100 | _aGoikoetxea, María Jesús | ||
| 245 | 0 | _aIntroducción a la Bioética | |
| 264 |
_a[Madrid, España] : _bUniversidad de Deusto, _c1998 |
||
| 300 | _a52 páginas | ||
| 490 | _aAzul - Cuadernos de Teología Deusto | ||
| 650 | _aPhilosophy, Ethics | ||
| 856 | _uhttps://public.digitaliapublishing.com/a/17881 | ||
| 942 | _cCF | ||
| 999 |
_c73286 _d73286 |
||